Countries that have hosted F1 races - Statistics

General Stats
  • This quiz has been taken 56 times
  • The average score is 30 of 34
Answer Stats
Debut Country % Correct
1950 United Kingdom
100%
2004 China
98%
1950 France
98%
1951 Spain
98%
1985 Australia
96%
1973 Brazil
96%
1951 Germany
96%
1950 Italy
96%
1976 Japan
96%
1963 Mexico
96%
2014 Russia
96%
1953 Argentina
93%
1967 Canada
93%
2021 Saudi Arabia
93%
1950 United States
93%
1964 Austria
89%
2011 India
89%
1950 Monaco
89%
1958 Portugal
89%
2021 Qatar
89%
1950 Belgium
87%
1952 Netherlands
87%
1973 Sweden
87%
1962 South Africa
85%
2010 South Korea
85%
2005 Türkiye
85%
2009 United Arab Emirates
83%
1950 Switzerland
80%
2004 Bahrain
76%
1986 Hungary
72%
1999 Malaysia
72%
2008 Singapore
72%
1958 Morocco
67%
2016 Azerbaijan
65%
No matching quizzes found
Score Distribution
Percent of People with Each Score
Percentile by Number Answered
Your Score History
You have not taken this quiz